Music Quiz

Random Music or Billboard Quiz
Score 0/94 Timer 14:00
0 Plays Today
% Correct
Bruce Springsteen
89.7%
Simon And Garfunkel
87.9%
Santana
87.4%
Carly Simon
87%
Rod Stewart
86.5%
Paul Simon
83.4%
Sister Sledge
83.4%
Bob Seger
82.1%
The Starland Vocal Band
82.1%
Barbra Streisand
80.3%
Steely Dan
79.8%
Sly And The Family Stone
79.4%
Stealers Wheel
78.5%
Seals And Crofts
77.6%
Supertramp
77.1%
Cat Stevens
76.2%
Styx
76.2%
Leo Sayer
75.8%
Neil Sedaka
75.8%
Donna Summer
74.9%
Edwin Starr
74%
Ringo Starr
73.5%
The Shocking Blue
68.6%
Boz Scaggs
68.2%
Ray Stevens
68.2%
John Sebastian
67.3%
Patti Smith Group
67.3%
Al Stewart
66.4%
Stephen Stills
66.4%
David Soul
64.1%
Jim Stafford
61.4%
Spinners (and Dionne Warwicke)
61%
% Correct
The Staple Singers
57.8%
The Stylistics
57.8%
The Sweet
56.5%
Phoebe Snow
54.7%
Sugarloaf
54.7%
Amii Stewart
53.4%
Bobby Sherman
52.9%
The Stories
52.5%
Samantha Sang
51.6%
The Sanford|Townsend Band
49.8%
The Silver Convention
48.4%
John Stewart
48.4%
B.W. Stevenson
48%
Starbuck
46.2%
The Supremes
43.5%
The Stampeders
43%
Sniff 'N' The Tears
41.7%
The Sylvers
41.7%
Sylvia
41.7%
Hurricane Smith
41.3%
Paul Stookey
40.8%
Santa Esmeralda
37.7%
Gordon Sinclair
36.3%
Joe South And The Believers
36.3%
J.D. Souther
36.3%
Rex Smith
35.9%
Sammi Smith
35.9%
The Sandpipers
34.1%
Skylark
32.3%
Red Sovine
31.8%
Shirley And Company
30.5%
Candi Staton
30%
% Correct
Sonny And Cher
29.6%
Sailcat
28.7%
Rick Springfield
27.8%
Smokie
26%
Jud Strunk
24.7%
Spyro Gyra
23.8%
Steppenwolf
22.4%
Joe Simon
22%
The Souther, Hillman, Furay Band
22%
Sylvester
21.5%
Buffy Sainte-Marie
21.1%
Silver
20.6%
Starz
20.6%
Shalamar
20.2%
Salsoul Orchestra
19.3%
Slave
18.8%
Sweet Sensation
18.8%
Silvetti
18.4%
Joe Stampley
18.4%
The Street People
18.4%
The Sounds Of Sunshine
17.5%
Marilyn Sellars
17%
Foster Sylvers
17%
Larry Santos
16.6%
Stonebolt
15.2%
Sweathog
15.2%
Stargard
14.8%
Stallion
14.3%
Switch
13.9%
The Soul Children
12.6%
Remove Ads.
Support Sporcle.
Get the best of Sporcle when you Go Orange. This ad-free experience offers more features, more stats, and more fun while also helping to support Sporcle. Thank you for becoming a member.

You're not logged in!

Compare scores with friends on all Sporcle quizzes.
OR
Log In

Show Comments

Extras

Top Quizzes Today


Score Distribution

Your Account Isn't Verified!

In order to create a playlist on Sporcle, you need to verify the email address you used during registration. Go to your Sporcle Settings to finish the process.

Report this User

Report this user for behavior that violates our Community Guidelines.

Details: